Tragedias
Сохранить в:
| Главный автор: | |
|---|---|
| Формат: | |
| Язык: | испанский |
| Опубликовано: |
Buenos Aires
Losada
1982
|
| Редактирование: | 7a. ed |
| Серии: | Biblioteca Clásica y Contemporánea
|
| Предметы: | |
| Метки: |
Добавить метку
Нет меток, Требуется 1-ая метка записи!
|
MARC
| LEADER | 00000nam a2200000 a 4500 | ||
|---|---|---|---|
| 001 | UCR3330 | ||
| 003 | CL-VaPUC | ||
| 008 | 980124e19820000AG |||||||||||||||||spa|d | ||
| 020 | |a 9500301090 | ||
| 082 | 0 | 4 | |a 882 |b ESQ |2 21 |
| 100 | |a Esquilo |e autor |9 269410 | ||
| 245 | 1 | 0 | |a Tragedias |
| 250 | |a 7a. ed | ||
| 300 | |a 244 p | ||
| 942 | |c BK | ||
| 945 | |d 19980124 00:00:00 |a aolguin | ||
| 260 | |a Buenos Aires |b Losada |c 1982 | ||
| 650 | 0 | |a Tragedia griega |9 265362 | |
| 650 | 7 | |a LITERATURA GRIEGA |2 CL-VaPUC |9 258054 | |
| 583 | |a last modification |c 19980124 00:00:00 |k Rodrigo Vera | ||
| 490 | 0 | |a Biblioteca Clásica y Contemporánea | |
| 999 | |c 266413 |d 266411 | ||
| 952 | |0 0 |1 0 |4 0 |6 882_000000000000000_ESQ_1982 |7 0 |8 R |9 297983 |a BIBEDU |b BIBEDU |c MCIRC |d 2019-11-20 |i 2636263 |o 882 ESQ 1982 |p 2636263 |r 2023-01-13 |w 2019-11-20 |y BK_R |k LIT | ||